000 01079cam a2200253 i 4500
003 SA-RiAUC
005 20251120133133.0
008 251019s1979 ua g 000r0 ara c
040 _aSA-JeALM
_bara
_cSA-RiAUC
_erda
082 0 4 _a330.121
090 _a330.121
_bس ي و
100 1 _aالسيوطي، رمضان حافظ عبد الرحمن.
_eمؤلف.
245 1 0 _aموقف الشريعة الإسلامية من المعاملات المصرفية والبديل منها /
_cرمضان حافظ عبد الرحمن السيوطي.
250 _aالطبعة الثانية.
264 1 _aالقاهرة :
_bمطابع أهرام الجيزة الكبرى.
_c1978
300 _a141 صفحة ؛
_c24 سم
336 _aنص
_btxt
_2rdacontent
_3كتاب
337 _aبدون وسيط
_bn
_2rdamedia
338 _aمجلد
_bnc
_2rdacarrier
500 _aإهداء من المؤلف رمضان حافظ عبد الرحمن السيوطي.
650 7 _aالبنوك الإسلامية
_2aucsh
942 _2ddc
_cBOOK
_n0
949 _aSA-JeALM
_d251019
_umohamedma123
_n1
999 _c13382
_d13382